[Event "Top16 Chalons"]
[Site "Chalons en Champagne"]
[Date "2009.04.30"]
[Round "4.5"]
[White "Prie, Eric"]
[Black "Varga, Peter"]
[Result "1-0"]
[WhiteElo "2504"]
[BlackElo "2446"]
[WhiteTeam "Montpellier"]
[BlackTeam "Strasbourg"]

1. d4 d5 2. Bf4 c6 3. e3 Bf5 4. c4 e6 5. Nc3 Nd7 6. Nf3 Ngf6 7. Qb3 Qb6 8. c5
Qxb3 9. axb3 a6 10. b4 Rc8 11. h3 Be7 12. Nd2 Bd8 13. Nb3 Bc2 14. Na5 Bxa5 15.
bxa5 Kd8 16. Kd2 Bg6 17. Ra4 Ra8 18. Rb4 Ra7 19. Be2 Ne8 20. Na4 Nc7 21. Bxc7+
Kxc7 22. Nb6 Kd8 23. Ra4 Re8 24. h4 h5 25. b4 Nf6 26. f3 Bf5 27. Raa1 Rh8 28.
Ke1 Bg6 29. Kf2 Ke7 30. Ra3 Bf5 31. Kg3 Nd7 32. Rha1 f6 33. Kf4 Bg6 34. e4 dxe4
35. fxe4 e5+ 36. dxe5 Nxe5 37. Rd1 Bf7 38. Rd4 Be6 39. Ra1 g6 40. Rad1 Re8 41.
Rd6 Rf8 42. R1d4 Re8 43. Ke3 Raa8 44. Nxa8 Rxa8 45. Kf4 Rf8 46. Rd1 Rh8 47.
R6d4 Rf8 48. Rb1 Rc8 49. Bd1 Rg8 50. Bb3 Bxb3 51. Rxb3 Rc8 52. Rb1 Rf8 53. Rbd1
Rc8 54. Rd6 Rh8 55. Rxf6 Kxf6 56. Rd6+ Ke7 57. Kxe5 Rg8 58. Kf4 Rf8+ 59. Kg5
Rf2 60. Rxg6 Kf7 61. Kxh5 Rb2 62. g4 Rxb4 63. e5 Rc4 64. e6+ Ke7 65. Rg5 Kxe6
66. Kg6 Rf4 67. h5 Rf8 68. h6 Rg8+ 69. Kh5 Rh8 70. Rg7 Kd5 71. g5 Kxc5 72. h7
b6 73. axb6 Kxb6 74. g6 1-0

[Event "Top16 Chalons"]
[Site "Chalons en Champagne"]
[Date "2009.04.30"]
[Round "4.6"]
[White "Roos, Jean-Luc"]
[Black "Libiszewski, Fabien"]
[Result "0-1"]
[WhiteElo "2273"]
[BlackElo "2505"]
[WhiteTeam "Strasbourg"]
[BlackTeam "Montpellier"]

1. d4 Nf6 2. c4 e6 3. Nc3 c5 4. d5 exd5 5. cxd5 d6 6. h3 g6 7. e4 Bg7 8. Bd3 a6
9. a4 Nbd7 10. Nf3 Nh5 11. Bg5 Bf6 12. Be3 Ne5 13. Nxe5 Bxe5 14. Qd2 O-O 15. g4
Ng7 16. f4 Bd4 17. O-O-O Bd7 18. Bc2 b5 19. Bxd4 cxd4 20. Qxd4 Rc8 21. Kb1 Rc4
22. Qd3 Qa5 23. Na2 Rfc8 24. Bb3 R4c5 25. axb5 Bxb5 26. Qd2 Qb6 27. Rc1 Bd7 28.
Rxc5 Rxc5 29. Bc2 Ne8 30. Nc3 Nc7 31. Qd4 Nb5 32. Nxb5 Bxb5 33. Qd2 Bc4 34. Bd3
Qb3 35. Bxc4 Rxc4 36. Re1 Ra4 37. Re3 Qa2+ 38. Kc1 Rc4+ 39. Rc3 Qa1+ 40. Kc2
Qa4+ 41. Kb1 Rxc3 42. Qxc3 Qxe4+ 43. Qc2 Qxf4 44. Qc8+ Kg7 45. Qxa6 Qe4+ 46.
Ka1 Qh1+ 47. Ka2 Qxd5+ 48. b3 Qd2+ 49. Ka3 Qd4 50. Qf1 Qa7+ 51. Kb2 Qc5 52. Qf3
h6 53. Qd3 d5 54. Qd2 d4 55. h4 Qe5 56. g5 Qe4 57. b4 hxg5 58. hxg5 Qd5 59. Qf4
Qc4 60. Qe5+ Kf8 61. b5 d3 62. Qd6+ Ke8 63. b6 d2 64. Qxd2 Qb5+ 65. Kc2 Qxb6
66. Qg2 Qd4 67. Qe2+ Kf8 68. Qd2 Qc4+ 69. Kd1 Ke7 70. Ke1 Ke6 71. Qd8 Kf5 72.
Qf6+ Kg4 73. Qf2 Qe4+ 0-1

[Event "Top16 Chalons"]
[Site "Chalons en Champagne"]
[Date "2009.04.30"]
[Round "4.7"]
[White "Flear, Glenn C"]
[Black "Reinhart, Emmanuel"]
[Result "1-0"]
[WhiteElo "2485"]
[BlackElo "2329"]
[WhiteTeam "Montpellier"]
[BlackTeam "Strasbourg"]

1. d4 d5 2. c4 c6 3. Nc3 Nf6 4. e3 Bf5 5. cxd5 cxd5 6. Qb3 Bc8 7. Bd2 e6 8. Rc1
Nc6 9. Bd3 Be7 10. f4 Nd7 11. Nf3 Qb6 12. Qd1 f5 13. O-O O-O 14. Na4 Qd8 15.
Be1 Nf6 16. Bh4 Ng4 17. Bxe7 Qxe7 18. Qe2 Nb4 19. a3 Nxd3 20. Qxd3 Bd7 21. Nc5
Bc6 22. Ng5 Rfe8 23. Rc3 Nf6 24. Qc2 Ne4 25. Ngxe4 fxe4 26. Rc1 Rac8 27. Qe2
Qd6 28. Qh5 Rf8 29. Qe5 Qxe5 30. dxe5 Rfe8 31. Nb3 Bd7 32. Nc5 Bc6 33. b4 Kf8
34. b5 b6 35. Nxe6+ Rxe6 36. Rxc6 Rexc6 37. Rxc6 Rd8 38. Kf2 d4 39. exd4 Rxd4
40. Ke3 Ra4 41. g4 Rxa3+ 42. Kxe4 Ra5 43. Kf5 Rxb5 44. Rc8+ Kf7 45. Rc7+ Kf8
46. Ke6 Rc5 47. Rxc5 1-0

[Event "Top16 Chalons"]
[Site "Chalons en Champagne"]
[Date "2009.04.30"]
[Round "4.8"]
[White "Nicoara, Malina"]
[Black "Haussernot, Cecile"]
[Result "0-1"]
[WhiteElo "2167"]
[BlackElo "1924"]
[WhiteTeam "Strasbourg"]
[BlackTeam "Montpellier"]

1. d4 Nf6 2. c4 c5 3. d5 b5 4. cxb5 a6 5. b6 Qxb6 6. Nc3 d6 7. Nf3 g6 8. Nd2
Bg7 9. e4 O-O 10. Nc4 Qc7 11. Be2 Nbd7 12. O-O Nb6 13. a4 Nxc4 14. Bxc4 Bd7 15.
h3 e5 16. Qd3 Ne8 17. f4 f5 18. Kh1 fxe4 19. Nxe4 Bf5 20. g4 Bxe4+ 21. Qxe4 Nf6
22. Qg2 e4 23. g5 Nh5 24. Be2 Rae8 25. Bxh5 gxh5 26. f5 Bd4 27. f6 e3 28. Re1
Qf7 29. Ra3 Re5 30. Rb3 c4 31. Rb4 Rc8 32. h4 Rce8 33. Rxc4 Re4 34. Qg3 Qxd5
0-1

[Event "Top16 Chalons"]
[Site "Chalons en Champagne"]
[Date "2009.04.30"]
[Round "4.2"]
[White "Krasenkow, Michal"]
[Black "Tkachiev, Vladislav"]
[Result "1/2-1/2"]
[WhiteElo "2622"]
[BlackElo "2657"]
[WhiteTeam "Chalons en Champagne"]
[BlackTeam "Cannes"]

1. Nf3 d5 2. d4 Nf6 3. c4 e6 4. g3 Bb4+ 5. Bd2 Be7 6. Bg2 O-O 7. O-O c6 8. Qb3
b6 9. Bg5 Nbd7 10. Rd1 Bb7 11. Nc3 Rc8 12. Bxf6 Nxf6 13. Ne5 Qc7 14. Rac1 Qb8
15. cxd5 cxd5 16. f4 Rfd8 17. e3 Nd7 18. Ne2 Rxc1 19. Rxc1 Rc8 20. Nxd7 1/2-1/2

[Event "Top16 Chalons"]
[Site "Chalons en Champagne"]
[Date "2009.04.30"]
[Round "4.3"]
[White "Kazhgaleyev, Murtas"]
[Black "Smirin, Ilia"]
[Result "1-0"]
[WhiteElo "2626"]
[BlackElo "2641"]
[WhiteTeam "Cannes"]
[BlackTeam "Chalons en Champagne"]

1. d4 Nf6 2. c4 g6 3. Nc3 d5 4. Bg5 Ne4 5. Bh4 Nxc3 6. bxc3 dxc4 7. e3 Be6 8.
Be2 Bg7 9. Nf3 O-O 10. O-O Nd7 11. e4 Nb6 12. a4 a5 13. Ng5 Bd7 14. f4 Qe8 15.
Qd2 f6 16. Nf3 Bxa4 17. d5 Bd7 18. f5 gxf5 19. exf5 Bxf5 20. Nd4 Bd7 21. Bf3
Qg6 22. Rae1 Bh6 23. Qa2 Bf4 24. Rxe7 Bd6 25. Ree1 a4 26. Ne6 Bxe6 27. dxe6 Ra5
28. Bf2 Re5 29. Bd4 Rxe1 30. Rxe1 Qf5 31. Qe2 Be5 32. Bg4 Qf4 33. Bxe5 fxe5 34.
e7 Re8 35. Be6+ Kg7 36. Rf1 Qg5 37. h4 Qg3 38. Rf7+ 1-0

[Event "Top16 Chalons"]
[Site "Chalons en Champagne"]
[Date "2009.04.30"]
[Round "4.5"]
[White "Siebrecht, Sebastian"]
[Black "Cornette, Matthieu"]
[Result "1-0"]
[WhiteElo "2433"]
[BlackElo "2573"]
[WhiteTeam "Cannes"]
[BlackTeam "Chalons en Champagne"]

1. Nf3 Nf6 2. c4 e6 3. g3 d5 4. d4 dxc4 5. Bg2 Nc6 6. Qa4 Bb4+ 7. Bd2 Nd5 8.
Qb5 O-O 9. Qxc4 Nb6 10. Qd3 e5 11. dxe5 Qxd3 12. exd3 Bf5 13. d4 Rad8 14. O-O
Bxd2 15. Nbxd2 Nxd4 16. Nxd4 Rxd4 17. Nb3 Rb4 18. Rfc1 c6 19. Nc5 Nd7 20. Nxd7
Bxd7 21. Rd1 Bg4 22. Rd2 f6 23. h3 Be6 24. Rd6 Bd5 25. Bxd5+ cxd5 26. b3 fxe5
27. Rxd5 Re4 28. Rd2 a5 29. Rc1 h5 30. Rc7 Kh8 31. Rxb7 h4 32. g4 Re1+ 33. Kg2
Rc8 34. Re7 Rcc1 35. Rd8+ Kh7 36. Rdd7 e4 37. Rxg7+ Kh6 38. Rh7+ Kg6 39. Rxh4
e3 40. Rd6+ Kg7 41. fxe3 Rxe3 42. Rd2 Rcc3 43. Rh5 a4 44. bxa4 Ra3 45. a5 Kg6
46. Rd6+ Kg7 47. Rd2 Kg6 48. Rb2 Rec3 49. Rd5 Kf6 50. Rd6+ Ke7 51. Rh6 Kf7 52.
a6 Kg8 53. Kh2 Kg7 54. g5 Rd3 55. Rb7+ Kg8 56. Rg6+ Kh8 57. Rh6+ Kg8 58. Rb2
Kg7 59. Rg2 Rdc3 60. h4 Ra4 61. Rd2 Rcc4 62. Kg2 Rg4+ 63. Kf2 Raf4+ 64. Ke2
Re4+ 65. Kd1 Rg1+ 66. Kc2 Rc4+ 67. Kb3 Rc8 68. a7 Rb1+ 69. Rb2 Rh1 70. Ka4 1-0

[Event "Top16 Chalons"]
[Site "Chalons en Champagne"]
[Date "2009.04.30"]
[Round "4.6"]
[White "Belkhodja, Slim"]
[Black "Govciyan, Pavel"]
[Result "1/2-1/2"]
[WhiteElo "2479"]
[BlackElo "2412"]
[WhiteTeam "Chalons en Champagne"]
[BlackTeam "Cannes"]

1. Nf3 d5 2. d3 Nf6 3. Nbd2 Bf5 4. h3 h6 5. g4 Bh7 6. Bg2 e6 7. e3 c5 8. b3 Nc6
9. Bb2 Qc7 10. Qe2 Nb4 11. O-O Nxc2 12. Rad1 Nb4 13. e4 d4 14. a3 Nc6 15. b4 e5
16. b5 Nd8 17. Nc4 Nd7 18. Bc1 Be7 19. a4 Ne6 20. Ncxe5 Nxe5 21. Nxe5 Qxe5 22.
f4 Qc7 23. f5 Nd8 24. Bf4 Qd7 25. e5 O-O 26. Qf2 Re8 27. Be4 Bg5 28. Bxg5 hxg5
29. h4 Qe7 30. Rd2 gxh4 31. f6 Qxe5 32. Bxh7+ Kf8 33. Qxh4 gxf6 34. Be4 Qg5 35.
Qh2 Re5 36. Rff2 Qxg4+ 37. Rg2 Qh5 38. Qf4 Re6 1/2-1/2

[Event "Top16 Chalons"]
[Site "Chalons en Champagne"]
[Date "2009.04.30"]
[Round "4.7"]
[White "Leconte, Maria"]
[Black "Apicella, Manuel"]
[Result "0-1"]
[WhiteElo "2334"]
[BlackElo "2521"]
[WhiteTeam "Cannes"]
[BlackTeam "Chalons en Champagne"]

1. e4 e6 2. d4 d5 3. Nc3 Bb4 4. e5 Ne7 5. a3 Bxc3+ 6. bxc3 c5 7. Nf3 Bd7 8. Rb1
Qc7 9. dxc5 Ng6 10. Be2 Bc6 11. Qd4 Nd7 12. O-O O-O 13. Bd3 Ngxe5 14. Nxe5 Qxe5
15. f4 Qxd4+ 16. cxd4 f5 17. Re1 Kf7 18. Bb5 Bxb5 19. Rxb5 b6 20. a4 Rfc8 21.
Ba3 Rab8 22. Reb1 Ke8 23. Re1 Kf7 24. Reb1 a6 25. R5b3 bxc5 26. dxc5 Rxb3 27.
cxb3 a5 28. b4 axb4 29. Bxb4 Rc7 30. Rc1 Ke8 31. Kf2 Rb7 32. Bd2 Nb8 33. Ba5
Rb2+ 34. Kf1 Nc6 35. Bc3 Ra2 36. a5 d4 37. Be1 Kd7 38. Rb1 Kc7 39. Rd1 Rc2 40.
a6 Rxc5 41. Ra1 Kb6 42. Bf2 Rd5 43. Ra4 Rd7 44. Ke2 g6 45. Kd3 Kb5 46. a7 Rxa7
47. Rxa7 Nxa7 48. Kxd4 Nc6+ 49. Kc3 Nb8 50. Kd4 Nd7 51. Bh4 Kb4 52. Be7+ Kb3
53. Bd8 Kc2 54. Kc4 Kd1 55. Kb5 e5 56. fxe5 Nxe5 57. Kc5 Ke2 58. Kd5 Ng4 59.
Ke6 Kf2 60. h3 Ne3 61. Bb6 f4 62. Ke5 Kg3 0-1

[Event "Top16 Chalons"]
[Site "Chalons en Champagne"]
[Date "2009.04.30"]
[Round "4.8"]
[White "Cossin, Sebastien"]
[Black "Levacic, Damir"]
[Result "1-0"]
[WhiteElo "2471"]
[BlackElo "2284"]
[WhiteTeam "Chalons en Champagne"]
[BlackTeam "Cannes"]

1. d4 Nf6 2. c4 e6 3. Nf3 Bb4+ 4. Bd2 a5 5. Nc3 d6 6. Qc2 Nc6 7. a3 Bxc3 8.
Bxc3 Qe7 9. e4 e5 10. d5 Nb8 11. c5 Nbd7 12. cxd6 cxd6 13. b4 axb4 14. axb4
Rxa1+ 15. Bxa1 O-O 16. Be2 Nb6 17. Nd2 Bd7 18. O-O Rc8 19. Qb1 Ba4 20. Rc1
Rxc1+ 21. Qxc1 Ne8 22. Nb1 Qc7 23. Nc3 Bd7 24. Qa3 Kf8 25. h3 Ke7 26. Qa2 f5
27. exf5 Bxf5 28. Qd2 h6 29. f4 Nd7 30. Kh2 Qb6 31. fxe5 dxe5 32. Bb5 Nd6 33.
Bxd7 Bxd7 34. Nd1 Nc4 35. Qe2 Qxb4 36. Bxe5 Nxe5 37. Qxe5+ Kf7 38. d6 Kg6 39.
Ne3 Qb5 40. Nd5 Kh7 41. Qe4+ Kg8 42. Qf3 Kh7 43. Qe4+ Kg8 44. h4 h5 45. Qf3 Bc6
46. Ne7+ Kh7 47. Nxc6 bxc6 48. d7 Qe5+ 49. g3 Qb2+ 50. Kh3 Qd4 51. Qxh5+ 1-0

[Event "Top16 Chalons"]
[Site "Chalons en Champagne"]
[Date "2009.04.30"]
[Round "4.1"]
[White "Korneev, Oleg"]
[Black "Meier, Georg"]
[Result "1/2-1/2"]
[WhiteElo "2587"]
[BlackElo "2641"]
[WhiteTeam "Antibes"]
[BlackTeam "Vandoeuvre"]

1. e4 e6 2. d4 d5 3. Nc3 dxe4 4. Nxe4 Nd7 5. Nf3 Ngf6 6. Nxf6+ Nxf6 7. c3 c5 8.
Ne5 a6 9. Be3 Qc7 10. Qa4+ Nd7 11. Bb5 cxd4 12. Bxd7+ Bxd7 13. Qxd4 Bb5 14. a4
Bd6 15. axb5 Bxe5 16. Qa4 O-O 17. b6 Qe7 18. O-O Rad8 19. Rad1 Rxd1 20. Rxd1
Rd8 21. Rxd8+ Qxd8 22. g3 g6 23. c4 Bd4 24. c5 Bxe3 25. fxe3 Qd2 26. Qd4 Qe1+
27. Kg2 Qe2+ 28. Kg1 1/2-1/2

[Event "Top16 Chalons"]
[Site "Chalons en Champagne"]
[Date "2009.04.30"]
[Round "4.3"]
[White "Miralles, Gilles"]
[Black "Nijboer, Friso"]
[Result "1/2-1/2"]
[WhiteElo "2477"]
[BlackElo "2562"]
[WhiteTeam "Antibes"]
[BlackTeam "Vandoeuvre"]

1. e4 c5 2. Nf3 Nc6 3. d4 cxd4 4. Nxd4 Nf6 5. Nc3 d6 6. g3 e6 7. Bg2 Bd7 8. O-O
Be7 9. Ndb5 Qb8 10. Bg5 a6 11. Bxf6 gxf6 12. Nd4 Qc7 13. Nce2 h5 14. h3 O-O-O
15. c4 Kb8 16. Rc1 Qb6 17. Rc3 Rc8 18. a3 Nxd4 19. Nxd4 Rc7 20. b4 h4 21. g4
Bc8 22. Nc2 Bf8 23. Ne3 Bh6 24. e5 Bf4 25. c5 dxc5 26. Nc4 Qb5 27. Nd6 Qd7 28.
bxc5 Bxe5 29. Rb3 Rd8 30. Qf3 Bxd6 31. cxd6 Qxd6 32. Qxf6 Qe7 33. Qe5 Qd6 34.
Qf6 Qe7 35. Qe5 Qd6 36. Qe2 f5 37. Rfb1 fxg4 38. Qxg4 Qd4 39. Qf3 Qd5 40. Qg4
Qd4 41. Qf3 Qd5 42. Qg4 1/2-1/2

[Event "Top16 Chalons"]
[Site "Chalons en Champagne"]
[Date "2009.04.30"]
[Round "4.4"]
[White "Bauer, Christian"]
[Black "Damljanovic, Branko"]
[Result "1-0"]
[WhiteElo "2605"]
[BlackElo "2573"]
[WhiteTeam "Vandoeuvre"]
[BlackTeam "Antibes"]

1. e4 c5 2. Nf3 d6 3. c3 Nf6 4. h3 Nc6 5. Bd3 d5 6. e5 Nd7 7. Bb5 Qb6 8. Qa4 e6
9. d3 Ndb8 10. c4 a6 11. Nc3 d4 12. Ne4 Bd7 13. O-O Ra7 14. Bxc6 Bxc6 15. Qd1
Bxe4 16. dxe4 Qc6 17. b4 b6 18. bxc5 bxc5 19. Rb1 Nd7 20. Ba3 Be7 21. Qd3 Qc7
22. Qb3 h5 23. h4 Qd8 24. g3 O-O 25. Qa4 Qa8 26. Rfe1 Rc8 27. Bc1 Qc6 28. Qxc6
Rxc6 29. Bf4 Bd8 30. Rb3 Rb6 31. Reb1 Rxb3 32. Rxb3 Bc7 33. Kf1 Kf8 34. Ke2 Ke8
35. Kd3 Nf8 36. Bc1 Nd7 37. Bf4 Kd8 38. Ng5 Ke7 39. Nf3 f6 40. exf6+ gxf6 41.
Ke2 e5 42. Bd2 Ra8 43. Nh2 Ke6 44. g4 hxg4 45. Nxg4 Rh8 46. Nh6 Ba5 47. Ra3
Bxd2 48. Rxa6+ Ke7 49. Nf5+ Kf7 50. Ra7 Ke6 51. Kxd2 Rb8 52. h5 Rb2+ 53. Ke1
1-0

[Event "Top16 Chalons"]
[Site "Chalons en Champagne"]
[Date "2009.04.30"]
[Round "4.5"]
[White "Acher, Mathieu"]
[Black "Brunner, Nicolas"]
[Result "0-1"]
[WhiteElo "2381"]
[BlackElo "2398"]
[WhiteTeam "Antibes"]
[BlackTeam "Vandoeuvre"]

1. e4 c5 2. Nf3 d6 3. Bc4 Nf6 4. Qe2 Nc6 5. c3 g6 6. Bb3 Bg7 7. O-O O-O 8. d4
cxd4 9. cxd4 Bg4 10. Rd1 Nd7 11. Be3 Na5 12. Bc2 Rc8 13. Na3 a6 14. Rac1 b5 15.
Bb1 Nc6 16. Rc2 Nf6 17. h3 Bxf3 18. Qxf3 Qd7 19. Rdc1 e6 20. Rd1 Qa7 21. Rcd2
Nd7 22. Qg3 d5 23. exd5 exd5 24. Nc2 Ne7 25. Ne1 Rc6 26. Bg5 Nc8 27. Nd3 Ncb6
28. b3 Rc3 29. Be7 Rfc8 30. Qf3 a5 0-1

[Event "Top16 Chalons"]
[Site "Chalons en Champagne"]
[Date "2009.04.30"]
[Round "4.6"]
[White "Philippe, Christophe"]
[Black "Bijaoui, Manuel"]
[Result "1/2-1/2"]
[WhiteElo "2435"]
[BlackElo "2409"]
[WhiteTeam "Vandoeuvre"]
[BlackTeam "Antibes"]
1. e4 c5 2. Nf3 d6 3. d4 cxd4 4. Nxd4 Nf6 5. Nc3 a6 6. Bd3 g6 7. O-O Bg7 8. Re1
O-O 9. Bf1 Nc6 10. Bg5 h6 11. Bh4 Nxd4 12. Qxd4 g5 13. Bg3 Nh5 14. Qd2 Nxg3 15.
hxg3 Qa5 16. Rad1 Bxc3 17. bxc3 Be6 18. Rb1 Rab8 19. Rb4 Rfc8 20. a4 Rc6 21.
Bd3 Qc7 22. e5 dxe5 23. Qe2 Rxc3 24. Qe4 f5 25. Qxe5 Qxe5 26. Rxe5 Kf7 27. a5
Kf6 28. f4 Rc6 29. Kf2 Rd6 30. Ke3 b5 31. axb6 Rbxb6 32. Rxb6 Rxb6 33. Ra5 Bc8
34. Rc5 Bd7 35. Ra5 Bc8 1/2-1/2

[Event "Top16 Chalons"]
[Site "Chalons en Champagne"]
[Date "2009.04.30"]
[Round "4.7"]
[White "Perez, Flavio"]
[Black "Nezar, Mustapha"]
[Result "0-1"]
[WhiteElo "2275"]
[BlackElo "2394"]
[WhiteTeam "Antibes"]
[BlackTeam "Vandoeuvre"]

1. e4 e6 2. Nf3 d5 3. e5 c5 4. b4 cxb4 5. d4 Ne7 6. a3 Nf5 7. axb4 Bxb4+ 8. c3
Be7 9. h4 h5 10. Bd3 Nc6 11. Bg5 a6 12. Nbd2 Qc7 13. Nf1 Bd7 14. Ne3 Nxe3 15.
fxe3 Bxg5 16. Nxg5 f6 17. Bg6+ Ke7 18. Nf7 Rhf8 19. Qxh5 Nd8 20. Nxd8 Qxc3+ 21.
Kf2 Raxd8 22. Rhe1 fxe5+ 23. Kg3 exd4 24. Rac1 Qa3 25. Qe5 Rf6 26. h5 dxe3 27.
Rc3 Qb4 28. Rb1 Rxg6+ 29. hxg6 Qxb1 30. Qc7 Qe1+ 31. Kh3 e5+ 32. Kh2 Qxc3 0-1

[Event "Top16 Chalons"]
[Site "Chalons en Champagne"]
[Date "2009.04.30"]
[Round "4.8"]
[White "Steil-Antoni, Fiona"]
[Black "Cochet, Caroline"]
[Result "1-0"]
[WhiteElo "2115"]
[BlackElo "2052"]
[WhiteTeam "Vandoeuvre"]
[BlackTeam "Antibes"]

1. e4 c5 2. Nc3 Nc6 3. g3 g6 4. Bg2 Bg7 5. d3 e6 6. Be3 d6 7. Qd2 Nge7 8. Bh6
Bxh6 9. Qxh6 Nd4 10. O-O-O Qa5 11. Kb1 b5 12. Nce2 Nec6 13. c3 Nxe2 14. Nxe2
Rb8 15. h4 Rf8 16. h5 Rb6 17. Qxh7 gxh5 18. Qxh5 b4 19. c4 Ra6 20. Nc1 Bd7 21.
b3 Nd4 22. Rd2 Bc6 23. Qd1 Qc7 24. Ne2 Nxe2 25. Qxe2 Rb6 26. d4 cxd4 27. Rxd4
a5 28. Rhd1 Bb7 29. Qd2 Ke7 30. e5 d5 31. Qg5+ Ke8 32. cxd5 exd5 33. Bxd5 Bxd5
34. Rxd5 Rb8 35. Qd2 Rg8 36. Rd7 Qxe5 37. Rd8+ Ke7 38. Qd7+ Kf6 39. Rd6+ Kg7
40. Qg4+ Kh7 41. Qxg8# 1-0

[Event "Top16 Chalons"]
[Site "Chalons en Champagne"]
[Date "2009.04.30"]
[Round "4.1"]
[White "Colovic, Aleksandar"]
[Black "Svetushkin, Dmitry"]
[Result "0-1"]
[WhiteElo "2443"]
[BlackElo "2615"]
[WhiteTeam "Grasse"]
[BlackTeam "Metz Fischer"]

1. d4 d5 2. c4 c6 3. cxd5 cxd5 4. Nc3 Nf6 5. Bf4 Nc6 6. e3 a6 7. Bd3 Bg4 8.
Nge2 e6 9. O-O Be7 10. Rc1 Bh5 11. a3 Bg6 12. Na4 O-O 13. b4 Nd7 14. Bg3 Nb6
15. Nxb6 Qxb6 16. Nc3 Bxd3 17. Qxd3 Rfc8 18. Na4 Qd8 19. Nc5 Qb6 20. Na4 Qa7
21. Rc3 b5 22. Nc5 Bxc5 23. Rxc5 Ne7 24. Rfc1 Rxc5 25. Rxc5 Rc8 26. Bd6 Nc6 27.
Qc3 Qd7 28. Bg3 f6 29. Qc2 Ne7 30. Bc7 h5 31. f3 Nf5 32. Kf2 Kf7 33. Qc3 g6 34.
h3 h4 35. Ke2 Ng7 36. e4 Nh5 37. Kf1 dxe4 38. fxe4 e5 39. Rd5 Ng3+ 40. Ke1 Qe7
41. Qb3 Kg7 42. Bd6 Qe6 43. Qd3 Rc1+ 44. Kd2 Rc4 45. Kd1 Qxd5 46. exd5 Rxd4 47.
Qxd4 exd4 48. Bc5 Kf7 49. Bxd4 Nf5 50. Bc5 Ne7 51. d6 Nc6 52. Ke2 Ke6 53. Ke3
Ne5 54. Kd4 g5 55. Ke4 f5+ 56. Kd4 Nd7 57. Kd3 Nxc5+ 58. bxc5 g4 59. Ke3 gxh3
60. gxh3 a5 61. Kd4 f4 62. Ke4 b4 63. axb4 axb4 0-1

[Event "Top16 Chalons"]
[Site "Chalons en Champagne"]
[Date "2009.04.30"]
[Round "4.2"]
[White "Postny, Evgeny"]
[Black "Eliet, Nicolas"]
[Result "1-0"]
[WhiteElo "2648"]
[BlackElo "2429"]
[WhiteTeam "Metz Fischer"]
[BlackTeam "Grasse"]

1. d4 Nf6 2. c4 e5 3. dxe5 Ng4 4. Bf4 Nc6 5. Nf3 Bb4+ 6. Nbd2 Qe7 7. e3 Ngxe5
8. Nxe5 Nxe5 9. a3 Bxd2+ 10. Qxd2 d6 11. Be2 b6 12. O-O Bb7 13. Bg3 h5 14. h3
h4 15. Bh2 Rh6 16. f3 Re6 17. e4 g5 18. b4 O-O-O 19. Rac1 Ng6 20. Rf2 Kb8 21.
a4 Qf6 22. a5 Nf4 23. Bf1 c5 24. Rb1 Kc7 25. Qe3 Qe5 26. Qa3 Qd4 27. Qc1 Qe5
28. Qc2 Rf8 29. Rd2 f5 30. Rd5 Qg7 31. axb6+ axb6 32. Rxf5 Rxf5 33. exf5 Re3
34. bxc5 Qd4 35. cxd6+ Kd8 36. Qf2 1-0

[Event "Top16 Chalons"]
[Site "Chalons en Champagne"]
[Date "2009.04.30"]
[Round "4.3"]
[White "Shoker, Samy"]
[Black "Riazantsev, Alexander"]
[Result "0-1"]
[WhiteElo "2404"]
[BlackElo "2635"]
[WhiteTeam "Grasse"]
[BlackTeam "Metz Fischer"]

1. g3 d5 2. Bg2 c6 3. d3 Nf6 4. Nf3 Bf5 5. O-O e6 6. Nfd2 h6 7. e4 Bh7 8. Nc3
Be7 9. f4 O-O 10. g4 dxe4 11. dxe4 Na6 12. Qe2 e5 13. f5 Kh8 14. Kh1 Bg8 15.
Nf3 Nxg4 16. Bh3 Nf6 17. Nxe5 Re8 18. Bf4 Bf8 19. Rad1 Qe7 20. Nxc6 bxc6 21.
Qxa6 Nxe4 22. Nxe4 Qxe4+ 23. Bg2 Qxc2 24. Rd2 Qxf5 25. Bxc6 f6 26. Bd6 Qe6 27.
Bxa8 Rxa8 28. Qb7 Bh7 29. Rd4 Re8 30. Bxf8 Rxf8 31. Rg1 Rg8 32. b3 Qe3 33. Rdg4
Bf5 34. Rh4 Bd3 35. Qg2 Bf5 36. h3 Kh7 37. Kh2 g5 38. Ra4 Rd8 39. Qg3 Qb6 40.
Rc4 Kg6 41. Qe1 Qb8+ 42. Qg3 Qb7 43. Qe3 Qb8+ 44. Qg3 Rd2+ 45. Rg2 Qxg3+ 46.
Kxg3 Rd3+ 47. Kf2 h5 48. h4 g4 49. Ra4 Rh3 50. Rxa7 Be4 51. Rg3 Rxh4 0-1

[Event "Top16 Chalons"]
[Site "Chalons en Champagne"]
[Date "2009.04.30"]
[Round "4.4"]
[White "Koch, Jean-Rene"]
[Black "Karim, Ismael"]
[Result "1/2-1/2"]
[WhiteElo "2453"]
[BlackElo "2410"]
[WhiteTeam "Metz Fischer"]
[BlackTeam "Grasse"]

1. e4 e5 2. f4 Bc5 3. Nf3 d6 4. Nc3 Nf6 5. Bc4 Nc6 6. d3 O-O 7. f5 Na5 8. a3
Nxc4 9. dxc4 c6 10. Bg5 a6 11. Qd3 b5 12. b4 Ba7 13. O-O-O bxc4 14. Qxd6 Qxd6
15. Rxd6 Ne8 16. Rxc6 Bb7 17. Rxc4 f6 18. Bd2 Rf7 19. Re1 Nd6 20. Rc5 Bxc5 21.
bxc5 Nc4 22. Na4 Rc8 23. Bb4 Bc6 24. Nb2 Nxb2 25. Kxb2 Rb7 26. Kc1 Be8 27. Nd2
Bf7 28. Re3 Rb5 29. c4 Rbb8 30. Rc3 Be8 31. Nb3 Bc6 32. Re3 Rd8 33. Na5 Ba4 34.
Re1 Kf7 35. g4 g5 36. fxg6+ hxg6 37. h3 g5 38. c6 Rdc8 39. Bd6 Rb6 40. Bc5
Rbxc6 41. Nxc6 Rxc6 42. Bb4 Rxc4+ 43. Kd2 Bc6 44. Re3 Bxe4 45. Rc3 Rxc3 46.
Bxc3 Bg2 47. Ke3 e4 48. Kf2 Bxh3 49. Kg3 Bf1 50. Bd4 Bb5 51. Be3 Ke6 52. Bd4
Ba4 53. Kh3 Bd1 54. Kg3 a5 55. Bb6 a4 56. Bd4 f5 57. gxf5+ Kxf5 58. Be3 g4 59.
Bf4 Ke6 60. Kf2 Kd5 61. Ke3 Bf3 62. Bc7 Kc4 63. Bd6 Kc3 64. Bb4+ Kb3 65. Bd6
Kb2 66. Kf2 Kc2 67. Ke3 Kd1 68. Bg3 Kc1 69. Be5 Kc2 70. Bd6 Kb3 71. Kf2 Kc4 72.
Ke3 Kd5 73. Bg3 Bd1 74. Bf4 Bf3 75. Bg3 Ke6 76. Kd4 Kf5 77. Ke3 Bg2 78. Kd4 Ke6
79. Bf4 Bf3 80. Bg3 Kd7 81. Bf4 Kc6 82. Bg3 Kb5 83. Be5 Bg2 84. Bg3 Bf3 1/2-1/2

[Event "Top16 Chalons"]
[Site "Chalons en Champagne"]
[Date "2009.04.30"]
[Round "4.5"]
[White "Dobrev, Nanko"]
[Black "Elbilia, Jacques"]
[Result "1/2-1/2"]
[WhiteElo "2366"]
[BlackElo "2402"]
[WhiteTeam "Grasse"]
[BlackTeam "Metz Fischer"]

1. d4 Nf6 2. Nf3 e6 3. c4 b6 4. a3 Ba6 5. Qb3 c5 6. d5 exd5 7. cxd5 d6 8. Nc3
Nbd7 9. e4 Bxf1 10. Kxf1 Be7 11. g3 O-O 12. Kg2 a6 13. a4 Re8 14. Re1 Bf8 15.
Bf4 Nh5 16. Bg5 Be7 17. Be3 Bf8 18. Rad1 Rb8 19. Bc1 b5 20. axb5 axb5 21. Qc2
g6 22. h3 Rb7 23. Re2 Qb8 24. Bg5 h6 25. Bc1 Bg7 26. Nh2 Nhf6 27. f4 b4 28. Nb1
b3 29. Qd3 Rb4 30. Rde1 Rd4 31. Qf3 Qb5 32. Nc3 Qc4 33. Re3 Nh7 34. Ng4 h5 35.
Nf2 Qa6 36. Ne2 Rb4 37. Rxb3 Rxb3 38. Qxb3 Rb8 39. Qc2 Nhf8 40. Ng1 Nb6 41. Nf3
Nfd7 42. e5 Qc4 43. Qxc4 Nxc4 44. e6 Nf6 45. Ng5 Nxd5 46. exf7+ Kf8 47. b3 Na5
48. Nfe4 Nb7 49. Ne6+ Kxf7 50. N4g5+ Kg8 51. Nxg7 Kxg7 52. Re6 Ra8 53. Kf3 Ra2
54. Ke4 Nf6+ 55. Kd3 Na5 56. Re7+ Kg8 57. Ra7 Nxb3 58. Ba3 d5 59. Kc3 Nd2 60.
Ra8+ Kg7 61. Ra7+ Kg8 1/2-1/2

[Event "Top16 Chalons"]
[Site "Chalons en Champagne"]
[Date "2009.04.30"]
[Round "4.6"]
[White "Neiman, Emmanuel"]
[Black "Andonov, Bogomil"]
[Result "0-1"]
[WhiteElo "2355"]
[BlackElo "2321"]
[WhiteTeam "Metz Fischer"]
[BlackTeam "Grasse"]

1. d4 d6 2. Nf3 Bg4 3. c4 Nd7 4. g3 Bxf3 5. exf3 e6 6. d5 exd5 7. cxd5 c6 8.
Bg2 Ngf6 9. Nc3 Nb6 10. dxc6 bxc6 11. O-O Be7 12. f4 d5 13. b4 a6 14. Na4 O-O
15. Rb1 Nc4 16. Qd3 Rb8 17. a3 a5 18. Bd2 Nxd2 19. Qxd2 axb4 20. axb4 Nd7 21.
Rfc1 Nb6 22. Nxb6 Qxb6 23. b5 cxb5 24. Bxd5 b4 25. Rc6 Qa5 26. Rc4 Bf6 27.
Rcxb4 Be7 28. Bxf7+ Kxf7 29. Qd7 Rxb4 30. Rxb4 Rd8 0-1

[Event "Top16 Chalons"]
[Site "Chalons en Champagne"]
[Date "2009.04.30"]
[Round "4.7"]
[White "Forestier, Flavien"]
[Black "Pucher, Sebastien"]
[Result "1/2-1/2"]
[WhiteElo "2164"]
[BlackElo "2278"]
[WhiteTeam "Grasse"]
[BlackTeam "Metz Fischer"]

1. c4 c5 2. g3 g6 3. Bg2 Bg7 4. Nc3 Nc6 5. a3 Rb8 6. Rb1 b6 7. b4 Bb7 8. Na4
Na5 9. Bxb7 Nxb7 10. Nf3 Rc8 11. Qb3 Nf6 12. O-O O-O 13. Bb2 d5 14. cxd5 c4 15.
Qc2 Qxd5 16. Bxf6 Bxf6 17. Nc3 Qd7 18. Rfd1 b5 19. Ne4 Bg7 20. d4 cxd3 21. Qxd3
Qxd3 22. Rxd3 f5 23. Neg5 Rfd8 24. Rbd1 Rxd3 25. Rxd3 Nd6 26. Re3 Bf6 27. Ne6
Rc1+ 28. Kg2 Rc3 29. Nfd4 Rxe3 30. fxe3 Kf7 31. Nc7 a6 32. Nxa6 e5 33. Nc2 Ke6
34. Nc7+ Kd7 35. Nd5 Bd8 36. Nc3 Kc6 37. Kf3 e4+ 38. Kf2 Bf6 39. Nd4+ Bxd4 40.
exd4 Nc4 41. a4 bxa4 42. Nxa4 Kb5 43. Nc3+ Kxb4 44. Nd5+ Kb5 45. e3 Kc6 46. Nc3
Kd6 47. h4 Ke6 48. Ne2 h6 49. Nc3 g5 50. hxg5 hxg5 51. g4 Nd2 52. gxf5+ Kxf5
53. Ne2 Ke6 54. Nc3 Kf5 55. Ne2 Ke6 56. Nc3 1/2-1/2